| 000 | 00892nam a22002177a 4500 | ||
|---|---|---|---|
| 999 |
_c15268 _d15268 |
||
| 003 | OSt | ||
| 082 | _2631.3 JAY/ST | ||
| 088 | _aP 05 | ||
| 100 |
_aJAYACHANDRAN S _93927 |
||
| 245 | _aStudy of energy inflow - outflow pattern in paddy cultivation with specific reference to tillage treatments | ||
| 260 |
_aTavanur 1992 _bDepartment of Farm Power Machinery and Energy |
||
| 300 | _a82 | ||
| 500 | _aStudy of energy inflow - outflow pattern in paddy cultivation with specific reference to tillage treatments | ||
| 520 | _aStudy of energy inflow - outflow pattern in paddy cultivation with specific reference to tillage treatments | ||
| 700 |
_aJayasree G. S _93928 |
||
| 700 |
_aSobhalatha P. K _93929 |
||
| 700 |
_aSureshkumar P. R _93930 |
||
| 700 |
_aEr. Sathyajith Mathew (Guide) _93931 |
||
| 856 | _uhttps://drive.google.com/open?id=1375vgdV6zyLre6DRD6Lb7hrJO0DirUz4 | ||
| 942 | _cPR | ||